000 00201nam a22000857a 4500
008 170619b xxu||||| |||| 00| 0 eng d
100 _93506
_aHesse. K
245 _aOut of the Dust
260 _aNew delhi
_c1999
999 _c6890
_d6890